| 000 | 00000nam##2200000za#4500 |
| 001 | 9.700303 |
| 003 | CaOODSP |
| 005 | 20210625000756 |
| 007 | cr ||||||||||| |
| 008 | 150407|1980||||xxc|||||o f|0| 0 eng|d |
| 040 | |aCaOODSP|beng |
| 043 | |an-cn--- |
| 086 | 1 |aA53-1708/1981E-PDF |
| 110 | 1 |aCanada.|bAgriculture Canada. |bInformation Services. |
| 245 | 10|aCare of potted flowering plants / |h[electronic resource]|c[by] Linda Hink. |
| 250 | |aPrinted 1981, reprinted 1985 |
| 260 | |aOttawa - Ontario : |bAgriculture Canada. |cc1980. |
| 300 | |a28p.|bcoloured illus., table |
| 500 | |aHistorical publication digitized by Agriculture and Agri-Food Canada. Cover improperly scanned. |
| 590 | |a15-02-Supp|b2015-02-16 |
| 690 | 07|aGardening|2gcpds |
| 690 | 07|aNorthern Canada|2gcpds |
| 720 | 1 |aHink, Linda |
| 775 | 08|tL'entretien des plantes à fleurs / |w(CaOODSP)9.644199 |
| 856 | 40|ahttp://publications.gc.ca|qPDF|s1727 KB|uhttps://publications.gc.ca/collections/collection_2015/aac-aafc/A53-1708-1981-eng.pdf |
| 986 | |aPublication 1708 |